| 000 | 01332nam0a22003491 4500 | ||
|---|---|---|---|
| 001 | RU\NLR\A1SV\72147 | ||
| 005 | 20260225112254.1 | ||
| 035 | _a(NLR Aleph) 009753680 | ||
| 090 |
_a9990855 _c9990855 |
||
| 100 | _a20060901d1926 u y0rusy50 ca | ||
| 101 | 0 | _arus | |
| 102 | _aRU | ||
| 200 | 1 |
_aСоветы _fСост. Александр Курский _gВсерос. чрезв. комис. по ликвидации неграмотности при Главполитпросвете |
|
| 210 |
_aМ. _aЛ. _cДолой неграмотность _d1926 |
||
| 215 |
_a75, [3] с. _cил. _d23 см |
||
| 225 |
_aБ-чка "Долой неграмотность" _fПод общ. ред. А.С.Курской |
||
| 300 | _aНа обл. сост. не указан | ||
| 300 | _aНапеч. в Ленинграде | ||
| 320 | _aЧто читать о советах (6 назв.) | ||
| 451 | 0 | _1001RU\NLR\A1SV\72166 | |
| 620 | _dМосква | ||
| 620 | _dСанкт-Петербург | ||
| 700 | 1 |
_aКурский _bА. Д. _gАлександр Дмитриевич |
|
| 702 | 1 |
_aКурская _bА. С. _f1882-1964 _gАнна Сергеевна |
|
| 801 | 0 |
_aRU _bNLR _c20060901 |
|
| 852 |
_aNLR _j38/677 |
||
| 899 | _aРГБ | ||
| 899 | _aКирОУНБ | ||
| 942 | _cBOOK | ||
| 980 | _aNB | ||
| 980 | _aA1SV | ||